LEADER 00606nab a2200181 i 4500 001 000000336661 003 CaOOAMICUS 005 20190924152415.0 008 190924n xx uu u0 0und r 013 $a48430 020 $a978-88-382-4688-3 040 $aSeMil$bita 245 10$aJoseph Ratzinger professore universitario. 513 $aLuglio-Agosto 2018 773 0 $t[2018 : Luglio-Dicembre].$dRoma : Studium, 2018.$w()336660 996 $6020$a978-88-382-4688-3$9(OLS)http://semarc/number/288705 996 $6245$aJoseph Ratzinger professore universitario$9(OLS)http://semarc/title/425855 LEADER 00602nam a2200169 i 4500 001 000000244062 003 CaOOAMICUS 005 20150729000000.0 008 150729s1864 it u000 u ita u 013 $a222967 040 $aSeMil$bita 245 10$aVol. 1. 300 $aVII, 510 p. 773 0 $aStub, Paolo $tMeditazioni per gli ecclesiastici in tutti i giorni dell'anno.$dTorino : Tipografia di Marietti, 1864-1865.$g1$w()32300 850 $aSeMil 852 $aSeMil$W1$xVenegono$y1$m3C II 115 FA$j194408$B194408$CSeMilBibl$Z2$F205027 $8I 996 $6245$aVol. 1$9(OLS)http://semarc/title/13429